01013cam a22002897a 4500003000400000005001700004008004100021017004600062020001800108040001400126080001700140080003100157080002000188080002700208080003300235100003500268245012200303246001100425260003800436300002700474490002700501610004500528650001700573650003600590650005800626650003900684OSt20161130121810.0161130s2015 spca 000 0 spa|d aDL B 28394-2015 bBiblioteca de Catalunya a9788490649718 bcatcCDMR a28-76822004 a343.91:343.341x-05122004 a004.738.522004 a323.28:316.472.422004 a343.341x-051:316.472.4 20041 aOrtiz Moyano, Andrés,d1984-10a#Yihad b: cómo el Estado Islámico ha conquistado Internet y los medios de comunicación cAndrés Ortiz Moyano32aYihad  aBarcelona :bEditorial UOC,c2015 a144 p. :bil. ;c21 cm0 a360º reportajes ;v1917aEstat Islàmic (Organització)2lenoti07aGihad2lemac07aTerroristesxReclutament2lemac00aTerrorisme i mitjans de comunicació de massa2lemac07aTerroristesxXarxes socials2lemac